000 00336nam a22001337a 4500
008 180129b xxu||||| |||| 00| 0 eng d
020 _a9780816732715
041 _aeng
080 _a37
100 _a46
101 _aedu
245 _awrite on quick and easy ideas to motivate childrens writing
_ckarnz.r
942 _2udc
_cBK
999 _c41161
_d41161